005140000a2200109000450024501450000024601230014504100140026870000200028270000210030210000280032377300530035110aEstructura y composición de la comunidad macroalgal en el sistema arrecifal coralino del Archipiélago de San Bernardo, Caribe colombiano3 aStructure and composition of the macroalgal community of de Coral reef at San Bernardo archipelago, Colombia caribbean0 aEspañol1 aRojas , Janneth1 aPolanía, Jaime1 aGonzález, Ana María1 tActualidades Biológicash71q111-121d1999g21